Alles mit K (mit Hinweisen) - Statistiken

Allgemein
  • Dieses Quiz wurde 96 mal gespielt
  • Das Durchschnittsergebnis liegt bei 67 aus 100
Antwortstatistiken
Kategorie Hinweis Antwort % Korrekt
Hauptstädte Ägypten Kairo
94%
Geografisches Allerlei Griechische Insel Kreta / Korfu / Kos
94%
Länder Nordamerika Kanada
93%
Pflanzen & Tiere Wüstentier mit Höckern Kamel
91%
Hauptstädte Ukraine Kiew
91%
Pflanzen & Tiere Vierblättrig bringt er Glück Klee
91%
Hauptstädte Dänemark Kopenhagen
91%
Pflanzen & Tiere Entwickelt sich zum Frosch Kaulquappe
90%
Pflanzen & Tiere Liebt Eukalyptus Koala
90%
Länder Südamerika Kolumbien
90%
Pflanzen & Tiere Stachelige Wüstenpflanze Kaktus
88%
Pflanzen & Tiere Junges Rind Kalb
88%
Essen & Trinken Knolle für u.a. Pommes Kartoffel
88%
Länder Afrika Kenia
88%
Essen & Trinken An Halloween geschnitzt Kürbis
88%
Weitere Städte Großstadt in NRW Köln
87%
Länder Europa Kroatien
85%
Länder Asien Kuwait
85%
Hauptstädte Kuwait Kuwait-Stadt
85%
Hauptstädte Afghanistan Kabul
84%
Pflanzen & Tiere Beuteltier Känguru
84%
Weitere Städte Großstadt in BaWü Karlsruhe
84%
Essen & Trinken Milchprodukt (mit Löchern) Käse
84%
Pflanzen & Tiere Stubentiger Katze
84%
Essen & Trinken Koffeinhaltiges Getränk Kaffee
82%
Essen & Trinken Bier aus Köln Kölsch
82%
Essen & Trinken Nase des Schneemanns Karotte
81%
Länder Asien Kasachstan
81%
Weitere Städte Großstadt in Schleswig-H. Kiel
79%
Länder Afrika Kamerun
76%
Pflanzen & Tiere Nadelbaum Kiefer
76%
Weitere Städte Großstadt in Hessen Kassel
75%
Länder Asien Kirgisistan
75%
Berühmte Personen 1. Bundeskanzler von DE K{onrad} A{denauer}
75%
Pflanzen & Tiere Krusten- bzw. Schalentier Krabbe / Krebs
75%
Berühmte Personen Moderiert "Klein gegen Groß" K{ai} P{flaume}
73%
Geografisches Allerlei US-Bundesstaat Kansas
73%
Hauptstädte Malaysia Kuala Lumpur
73%
Geografisches Allerlei Zweithöchster Berg der Erde K2
72%
Sonstiges Non-Food-Discounter Kik
72%
Weitere Städte Stadt in Japan (Rindfleisch) Kobe
72%
Pflanzen & Tiere Meerestier mit 8 Armen Krake
72%
Hauptstädte Nepal Kathmandu
70%
Berühmte Personen Letzte Pharaonin Ägyptens K{leopatra}
70%
Essen & Trinken Knolle mit mehreren Zehen Knoblauch
70%
Sonstiges Dänische Währung Krone
70%
Essen & Trinken Österreichische Nachspeise Kaiserschmarrn
69%
Essen & Trinken Süßes Getränk mit Milch Kakao
69%
Länder Asien Kambodscha
69%
Hauptstädte Jamaika Kingston
69%
Weitere Städte Großstadt in Südpolen Krakau
69%
Sonstiges Have a break, have a… KitKat
67%
Länder Nordamerika Kuba
67%
Weitere Städte Großstadt in Rheinl.-Pfalz Kaiserslautern
64%
Länder Afrika Kap Verde
64%
Sonstiges Hersteller von Cornflakes Kelloggs
64%
Geografisches Allerlei US-Bundesstaat Kentucky
64%
Sonstiges Kindersender von ARD & ZDF Kika
64%
Berühmte Personen Staatschef Nordkoreas K{im} J{ong} U{n}
64%
Weitere Städte Ehem. Hauptstadt Japans Kyoto
64%
Geografisches Allerlei US-Bundesstaat Kalifornien
63%
Berühmte Personen Ehem. Gesundheitsminister K{arl} L{auterbach}
63%
Berühmte Personen Dt. Philosoph und Ökonom K{arl} M{arx}
63%
Hauptstädte DR Kongo Kinshasa
63%
Länder Ozeanien Kiribati
63%
Länder Europa Kosovo
63%
Essen & Trinken Kleine rote Frucht mit Kern Kirsche
61%
Sonstiges Wahrzeichen von Rom Kolosseum
61%
Sonstiges Chem. Element (Symbol K) Kalium
60%
Pflanzen & Tiere Säugetier mit langen Ohren Kaninchen
60%
Sonstiges Deutscher Supermarkt Kaufland
60%
Sonstiges Südkoreanische Automarke Kia
60%
Länder Afrika Komoren
58%
Geografisches Allerlei Bundesland in Österreich Kärnten
55%
Sonstiges -273,15°C entsprechen 0… Kelvin
55%
Sonstiges Amerik. Fastfood-Kette KFC
55%
Essen & Trinken Obst, u.a. grün oder gold Kiwi
55%
Weitere Städte Großstadt in Rheinl.-Pfalz Koblenz
55%
Geografisches Allerlei Französische Insel Korsika
55%
Länder Asien Katar
54%
Berühmte Personen Rose in Titanic (1997) K{ate} W{inslet}
54%
Essen & Trinken Zumeist süßes Backwerk Kuchen
54%
Geografisches Allerlei Hochgebirge in Eurasien Kaukasus
49%
Weitere Städte Großstadt in NRW Krefeld
49%
Berühmte Personen Französischer Fußballer K{ylian} M{bappe}
48%
Pflanzen & Tiere Raubtier (Echse) Krokodil
46%
Sonstiges Reinigungsgerätehersteller Kärcher
43%
Weitere Städte Millionenstadt in Indien Kalkutta
42%
Pflanzen & Tiere Heilpflanze Kamille
42%
Essen & Trinken Soße aus Tomaten Ketchup
40%
Hauptstädte Ruanda Kigali
39%
Berühmte Personen Ehem. amerik. Basketballer K{obe} B{ryant}
39%
Hauptstädte Uganda Kampala
37%
Hauptstädte Sudan Khartum
34%
Berühmte Personen Ehem. US-Vizepräsidentin K{amala} H{arris}
33%
Sonstiges Ehem. Warenhauskette Karstadt
33%
Weitere Städte Großstadt in Missouri Kansas City
31%
Hauptstädte St. Vincent u. d. Grenadinen Kingstown
31%
Geografisches Allerlei Region in Mittelamerika Karibik
25%
Geografisches Allerlei Insel in Thailand Koh Samui
19%
Keine übereinstimmenden Quizze gefunden
Verteilung der Resultate
Anzahl Personen mit jedem Resultat
Perzentil nach korrekt beantworteten Fragen
Ihre Resultats-Entwicklung
Sie haben dieses Quiz noch nicht gespielt